000 00431nam a2200193Ia 4500
005 20250603144953.0
008 250603s9999 xx 000 0 und d
020 _a9780131998803
050 _aHV 8073 .J33/
100 _aJackson, Andrew R.W.
245 0 _aForensic science
250 _a2nd ed.
260 _aHalow
260 _bPearson Education
260 _c2008
300 _a464 p
650 _aHalow
942 _cBK
999 _c40492
_d40492